| 000 | 00000nam 2200000zi 4500 |
| 001 | 9.931871 |
| 003 | CaOODSP |
| 005 | 20241118150115 |
| 006 | m o d f |
| 007 | cr |n||||||||| |
| 008 | 231229e198011##qucdb ob f|0| 0 fre d |
| 040 | |aCaOODSP|bfre|erda|cCaOODSP |
| 043 | |an-cn-qu |
| 086 | 1 |aCW66-1447/1980F-PDF |
| 100 | 1 |aLehoux, Denis, |eauteur. |
| 245 | 10|aEffet du pâturage sur la faune et la flore du marais côtier de la Réserve nationale de faune du Cap Tourmente / |cpar Denis Lehoux et André Bourget. |
| 264 | 1|a[Sainte-Foy, Québec] : |bService canadien de la faune, Région du Québec, |cnovembre 1980. |
| 300 | |a1 ressource en ligne (vi, 47, [2] pages) : |bcartes, graphiques |
| 336 | |atexte|btxt|2rdacontent/fre |
| 337 | |ainformatique|bc|2rdamedia/fre |
| 338 | |aressource en ligne|bcr|2rdacarrier/fre |
| 500 | |aÉdition numérisée de l’imprimé [par Environnement et changement climatique Canada]. |
| 504 | |aComprend des références bibliographiques. |
| 650 | 0|aMarsh ecology|zQuébec (Province) |
| 650 | 0|aGrazing,|zQuébec (Province) |
| 650 | 6|aÉcologie des marais|zQuébec (Province) |
| 650 | 6|aPâturage|zQuébec (Province) |
| 651 | 0|aCap Tourmente National Wildlife Area (Quebec) |
| 651 | 6|aRéserve nationale de faune du Cap-Tourmente (Québec) |
| 710 | 2 |aService canadien de la faune. |bRégion du Québec, |eorganisme de publication. |
| 856 | 40|qPDF|s3.80 Mo|uhttps://publications.gc.ca/collections/collection_2024/eccc/cw66/CW66-1447-1980-fra.pdf |